مكتبة جامعة عجلون الوطنية

فهرس بحث المكتبة

Normal view MARC view
  • التنمية الزراعيه - الاقتصاد الزراعي- التجديدات الزراعية- الانتاج الزراعي- تكنولوجيا المعلومات

Entry Topical Term

Number of records used in: 1

001 - CONTROL NUMBER

  • control field: 66283

003 - CONTROL NUMBER IDENTIFIER

  • control field: JO-AjAnu

005 - DATE AND TIME OF LATEST TRANSACTION

  • control field: 20241019092540.0

008 - FIXED-LENGTH DATA ELEMENTS

  • fixed length control field: 241019|| aca||babn | a|a d

040 ## - CATALOGING SOURCE

  • Original cataloging agency: JO-AjAnu

150 ## - HEADING--TOPICAL TERM

  • Topical term or geographic name entry element: التنمية الزراعيه - الاقتصاد الزراعي- التجديدات الزراعية- الانتاج الزراعي- تكنولوجيا المعلومات